Moshi Monsters Moshlings - Statistics

General Stats
  • This quiz has been taken 32 times
  • The average score is 46 of 285
Answer Stats
Sets Answer % Correct
Fluffies IGGY
68%
Puppies Fifi
57%
Dinos Pooky
57%
Beasties Burnie
54%
Ponies Gigi
54%
Ponies Mr Snoodle.
54%
Foodies Oddie
54%
Secrets Roxy
54%
Worldies Cleo
50%
Birdies DJ Quack
50%
Dinos Doris
50%
Spookies Ecto
50%
Beasties Humphrey
50%
Beasties Jeepers
50%
Removed Lady GooGoo
50%
Ponies Priscilla
50%
Ponies Angel
46%
Spookies Big Bad Bill
46%
Secrets Blingo
46%
Fishies Cali
46%
Foodies Cutie Pie
46%
Foodies Hansel
46%
Nutties Pip
46%
Worldies Rocky
46%
Beasties ShiShi
46%
Fishies Stanley
46%
Birdies Tiki
46%
RoxStars Zack Binspin
46%
Ninjas Chop Chop
43%
Foodies Coolio
43%
Fluffies Dipsy
43%
Fluffies Flumpy
43%
Ninjas Shelby
43%
Dinos Snookums
43%
Fishies Fumble
39%
Kitties Gingersnap
39%
Dinos Gurgle
39%
Fluffies Honey
39%
Worldies Liberty
39%
Luckies Penny
39%
Birdies Peppy
39%
Birdies Prof Purplex
39%
Arties Scrumpy
39%
Spookies Squidge
39%
Removed Dustbin Beaver
36%
Techies Gabby
36%
Spookies Kissy
36%
Kitties Lady Meowford
36%
Puppies McNulty
36%
Worldies Mini Ben
36%
Secrets Baby Rox
32%
Fishies Blurp
32%
Nutties CocoLoco
32%
Munchies Fizzy
32%
Arties Misty
32%
Kitties Purdy
32%
Puppies Scamp
32%
Noisies Cherry Bomb
29%
Ninjas General Fuzuki
29%
Snowies Leo
29%
Legends Mrs. Snoodle
29%
Tunies Plinky
29%
Sporties Pocito
29%
Nutties Shelly
29%
Ninjas Sooki-Yaki
29%
Luckies Tingaling
29%
Snowies Woolly
29%
Arties Bodge
25%
Wheelies Busling
25%
Zoshlings Captain Squirk
25%
Techies Holga
25%
Luckies O’Really
25%
Sporties Rooby
25%
Arties Splatter
25%
Munchies Suey
25%
Smilies Tiamo
25%
Snowies Tomba
25%
Kitties Waldo
25%
Tunies Wallop
25%
Puppies White Fang
25%
Nosies Betty
21%
RoxStars Bobbi SingSong
21%
Snowies Gracie
21%
Techies Nipper
21%
Mythies Shambles
21%
Techies Wurley
21%
Noisies Boomer
18%
Luckies Furnando
18%
Tunies HipHop
18%
Mythies Jessie
18%
Noisies Judder
18%
Woodies Peekaboo
18%
Smilies Rofl
18%
Munchies Toasty
18%
Frosties Willow
18%
Hipsters YoYo
18%
Gifties Benedict
14%
Yeehaws Bonnie
14%
Techies 2.0 Cosmo
14%
Zoshlings Dr. C. Fingz
14%
Smilies Grinny
14%
Gurus Jen
14%
Mythies Long Beard
14%
Sporties Lummox
14%
Yuckies Lurgee
14%
Tunies Oompah
14%
Potties Oopsy
14%
Arties Pablo
14%
Nicknacks Peeps
14%
Naughties Shoney
14%
Yuckies Slurpy
14%
Zoshlings Splutnik
14%
Sploshies Sprinkles
14%
RoxStars Ziggy
14%
Sploshies Bentley
11%
Potties Blossom
11%
Nicknacks Doyle
11%
Sporties Dribbles
11%
Zoshlings First Officer Ooze
11%
Gurus Fusty
11%
Hipsters Hissy
11%
Gurus Hocus
11%
RoxStars Hoolio
11%
Woodies Ivy
11%
Yuckies Jarvis
11%
Puzzlies Jiggy
11%
Sparklies Loomy
11%
Moshi Twilight Luna
11%
Sparklies Major Moony
11%
Naughties Marcel
11%
Moshi Twilight Melena
11%
Nicknacks Mitzi
11%
Brainies Pinestein
11%
Happies Pipa
11%
Potties Prickles
11%
Naughties Raffles
11%
Mythies Scarlet O’Haira
11%
Sploshies Sweeney Blob
11%
Fuzzies Threddie
11%
Legends Troy
11%
Munchies Yolka
11%
Gurus Blaze
7%
Movies Blinki
7%
Toomies Carter
7%
Unknown Set Casey
7%
Sploshies Chester
7%
Cuties Chirpy
7%
Yeehaws Cleetus
7%
Moshi Twilight Clinky
7%
Festives Dazzle
7%
Cuties Dinky
7%
Unknown Set Freddy
7%
Movies Jackson
7%
Legends King Brian
7%
Salties Linton
7%
Screamies Marsha
7%
Toomies Mishmash
7%
Musos Mumbo
7%
Nutties Nutmeg
7%
Frosties Otto
7%
Fruities Pipsi
7%
Unknown Set Plumpty
7%
Salties Pops
7%
Screamies Randall
7%
Woodies Shed
7%
Dinos Sherman
7%
Yuckies Sitting Ducky
7%
Sleepies Sleepypaws
7%
Festives Sparkle
7%
Sparklies Tessa
7%
Puzzlies Tumbles
7%
Yuckies Twaddle
7%
Sploshies Uncle Scallops
7%
Tunies Wallace
7%
Fluffies Wanda
7%
Cuties Weegul
7%
Naughties Weeny
7%
Moshi Twilight Ava
4%
Sporties Bart
4%
Moshi Twilight Bobo
4%
Moshi Twilight Breezy
4%
Unknown Set Bruce
4%
Cuties Bubbly
4%
Woodies Cheeko
4%
Techies 2.0 Chitchat
4%
Yeehaws Clump
4%
Moshi Twilight Clyde
4%
Secrets Crawford
4%
Moshi Twilight Crystal
4%
Frosties Darwin
4%
Moshi Twilight Dawdles
4%
Foodies Delia
4%
Unknown Set Drake
4%
Unknown Set Dudley
4%
Fruities Eugene
4%
Movies Fitch
4%
Nosies Flash
4%
Secrets Flitter
4%
Moshi Twilight Fluttercup
4%
Fuzzies Fopkin
4%
Puppies Frankie
4%
Frosties Franz
4%
Kitties FruFru
4%
Unknown Set Gideon
4%
Unknown Set Gilbert
4%
Screamies Glob
4%
Fishies Glugg
4%
Gifties Gumdrop
4%
Unknown Set Gumpty
4%
Salties Gumz
4%
RoxStars Hammy
4%
Nutties Hexter
4%
Unknown Set Holmes
4%
Mythies Honcho
4%
Musos Hot Wings
4%
Luckies Jackpot
4%
Screamiea Jibbly
4%
Techies 2.0 Jiggles
4%
Toomies Jinx
4%
Ninjas Kazuki
4%
Toomies Kazzi
4%
Toomies King Toot
4%
Festives Kringle
4%
Wheelies Lips
4%
Sleepies Little Bo Nap
4%
Salties Lubber
4%
Worldies Manny
4%
Movies Marty
4%
Moshi Twilight Matilda
4%
Techies 2.0 Micro Dave
4%
Gifties Nancy
4%
Sleepies Nodkins
4%
Techies Oogles
4%
Moshi Twilight Ophelia
4%
Movies Oscar
4%
Festives Parsnips
4%
Moshi Twilight Pearl
4%
Moshi Twilight Ping
4%
Brainies Pizmo
4%
Munchies Pompom
4%
Hipsters Pongo
4%
Frosties Popov
4%
Sparklies Posy
4%
Sleepies Prof. Feathersnooze
4%
Brainies Prof Heff
4%
Puzzlies Queenie
4%
Fuzzies Quincy
4%
Swindlies Raffy
4%
Fuzzies Ramsy
4%
Unknown Set Rebus
4%
Yeehaws Roscoe
4%
Zoshlings Roswell
4%
Moshi Twilight Roy
4%
Techies 2.0 Scorchy
4%
Salties Shimmy
4%
Wheelies Shmoops
4%
Beasties Snort Jr
4%
Festives Snowflake
4%
Fuzzies Snuggy
4%
Sparklies Sparx
4%
Fruities Splitz
4%
Fruities Squelch
4%
Cuties Squiggle
4%
Hipsters Swizzle
4%
Screamies Thumpkin
4%
Musos Toots
4%
Smilies Toshi
4%
Unknown Set Travis
4%
Spookies Trubble
4%
Woodies Truffle
4%
Birdies Tuco
4%
Musos Vernon
4%
Hipsters Vinnie
4%
Snowies Waffles
4%
Puzzlies Woodsworth
4%
Puzzlies Wrangle
4%
Gurus Wuzzle
4%
Nicknacks Yana
4%
Sleepies Yawnsy
4%
Ponies Yaya
4%
Wheelies Zonkers
4%
Yeehaws Marshall Ned
0%
Smilies Ruddy
0%
Nicknacks Toast Turvy
0%
Naughties Woopi
0%
No matching quizzes found
Score Distribution
Percent of People with Each Score
Percentile by Number Answered
Your Score History
You have not taken this quiz